000
00302nam a2200121Ia 4500
005
20251222143258.0
008
251222s9999||||xx |||||||||||||| ||spa||
082
_a
242/M86
100
_a
MorĂ³n Orellana, Juan Eduardo
245
0
_a
La Cruz que Rechace
264
_b
Fondo Editorial UNMSM
942
_c
LIB
999
_c
15238
_d
15238